[Event "Verden op-A"]
[Site "Verden"]
[Date "2023.01.06"]
[Round "4"]
[White "Kieselbach, Jannik"]
[Black "Maxin, Falko"]
[Result "1-0"]
[WhiteElo "1858"]
[BlackElo "1632"]
[PlyCount "77"]
[EventDate "2023.01.05"]
[EventType "swiss"]
[EventRounds "7"]
[EventCountry "GER"]
[SourceTitle "CBM 212 Extra"]
[Source "ChessBase"]
[SourceDate "2023.03.31"]
[SourceVersion "1"]
[SourceVersionDate "2023.03.31"]
[SourceQuality "1"]

1. e4 e5 2. Nf3 Nc6 3. d4 exd4 4. Nxd4 Nf6 5. Nc3 Bb4 6. Nxc6 bxc6 7. Bd3 d5 8. exd5 cxd5 9. 0-0 0-0 10. Bg5 c6 11. Qf3 Be7 12. h3 h6 13. Bh4 Be6 14. Ne2 Nd7 15. Bxe7 Qxe7 16. Rfe1 Ne5 17. Qe3 Nxd3 18. Qxd3 Qf6 19. Qd4 Qg5 20. Nf4 Bf5 21. Re5 Qf6 22. Nh5 Qg5 23. Rxf5 Qg6 24. Ng3 Rfe8 25. Qd3 Re6 26. Rf3 Rae8 27. Qxg6 fxg6 28. Kf1 c5 29. Rd3 d4 30. c3 Rd8 31. Rad1 Red6 32. cxd4 Rxd4 33. Rxd4 cxd4 34. Ke2 Kf7 35. Kd3 Ke6 36. Ne2 Ke5 37. Rc1 Rb8 38. b3 a5 39. Rc5+ 1-0

[Event "Niedersachsen-ch op B"]
[Site "Verden"]
[Date "2019.01.05"]
[Round "6"]
[White "Rausch, Darius"]
[Black "Maxin, Falko"]
[Result "0-1"]
[WhiteElo "1816"]
[BlackElo "1485"]
[PlyCount "102"]
[EventDate "2019.01.03"]
[EventType "swiss"]
[EventRounds "7"]
[EventCountry "GER"]
[SourceTitle "EXT 2022"]
[Source "ChessBase"]
[SourceDate "2021.10.06"]
[SourceVersion "1"]
[SourceVersionDate "2021.10.06"]
[SourceQuality "1"]

1. e4 e5 2. Nf3 Nc6 3. d4 exd4 4. Nxd4 Nf6 5. Nxc6 bxc6 6. e5 Qe7 7. Qe2 Nd5 8. c4 Ba6 9. b3 g6 10. f4 Bh6 11. Qf2 Nb6 12. Bd3 d6 13. 0-0 dxe5 14. Re1 0-0-0 15. Rxe5 Qd6 16. Bc2 Qd4 17. Qxd4 Rxd4 18. Bb2 Rxf4 19. g3 f6 20. Ra5 Nxc4 21. gxf4 Nxa5 22. Bc3 Nb7 23. Bxf6 Rf8 24. Be5 Bxf4 25. Bxf4 Rxf4 26. Nd2 Nd6 27. Kg2 Nf5 28. Re1 c5 29. Bxf5+ Rxf5 30. Re7 Rd5 31. Ne4 Bb7 32. Kf2 Rf5+ 33. Ke3 Bxe4 34. Kxe4 Rh5 35. Kd3 Rxh2 36. a4 g5 37. Rg7 h6 38. Rg6 Kb7 39. Kc4 Rh4+ 40. Kxc5 Rh3 41. b4 Rh5 42. a5 g4+ 43. Kc4 Rh4 44. b5 g3+ 45. Kc5 Rh5+ 46. Kb4 Rg5 47. Rf6 Rg8 48. b6 axb6 49. axb6 cxb6 50. Kb5 Rg5+ 51. Kc4 g2 0-1